000 01976cam a22003854a 4500
001 13623706
003 OSt
005 20230623102338.0
008 040615s2005 enka b 001 0 eng
010 _a 2004013965
020 _a1405117788
_qpbk. : alk. paper
040 _cNIRUC
_dNIRUC
042 _apcc
050 0 0 _aHD1380
_b.R43 2005
082 0 0 _a333.33/0285
_222
100 _aDixon Tim,
_d1958-
_eeditor.
245 0 0 _aReal estate & the new economy :
_bthe impact of information and communications technology /
_cedited by; Tim Dixon, Thompson Bob, McAllister Patrick, Marston Andrew and Snow Jon.
246 3 _aReal estate and the new economy
260 _aOxford, UK ;
_aMalden, MA :
_bBlackwell Publishing,
_c2005.
300 _axvii, 419 p, :
_bill. ;
_c24 cm.
490 1 _aReal estate issues
504 _aIncludes bibliographical references (p. [372]-411) and index.
505 0 _aThe social, economic, and political context of ICT transformation -- Technological change : diffusion and adoption of ICT by consumers, businesses, and government -- Business process and organisational change -- The new economy and real estate -- Real estate spaces -- Real estate use and ICT -- Real estate service providers and ICT -- New directions and policy implications : the future of real estate in the new economy.
650 0 _aReal estate business
_xData processing.
700 1 _aDixon, Timothy J.,
_d1958-
_eeditor.
700 1 _aThompson Bob.,
_eeditor.
700 1 _aMcAllister Patrick,.
_eeditor.
700 1 _aMarston Andrew.,
_d1953-
_eeditor.
700 1 _aSnow Jon.,
_eeditor.
830 0 _aReal estate issues (Oxford, England)
856 4 1 _3Table of contents
_uhttp://www.loc.gov/catdir/toc/ecip0419/2004013965.html
906 _a7
_bcbc
_corignew
_d1
_eecip
_f20
_gy-gencatlg
942 _2lcc
_cBK
_n0
999 _c191
_d191